Land information management :systems and experiences in developing countries:papers presented at a symposium... Kuala Lumpur ,Malaysia,9-14 September 1985 (Record no. 89765)

MARC details
000 -LEADER
fixed length control field 00865cam a2200193 4500
001 - CONTROL NUMBER
control field B78
008 - FIXED-LENGTH DATA ELEMENTS--GENERAL INFORMATION
fixed length control field 090401t1985 xxu||||| |||| 00| 0 eng d
035 ## - SYSTEM CONTROL NUMBER
System control number (Sirsi) u32847
041 ## - LANGUAGE CODE
Language code of text/sound track or separate title eng
050 ## - LIBRARY OF CONGRESS CALL NUMBER
Classification number 526.90285
110 ## - MAIN ENTRY--CORPORATE NAME
Corporate name or jurisdiction name as entry element Commonwealth Association of Surveying and Land Economy
9 (RLIN) 2570
245 ## - TITLE STATEMENT
Title Land information management :systems and experiences in developing countries:papers presented at a symposium... Kuala Lumpur ,Malaysia,9-14 September 1985
260 ## - PUBLICATION, DISTRIBUTION, ETC.
Place of publication, distribution, etc. London
Name of publisher, distributor, etc. Commonwealth Association of Surveying an
Date of publication, distribution, etc. 1985
300 ## - PHYSICAL DESCRIPTION
Extent 41p. ; 21cm.
350 ## - PRICE (NR) (BK AM CF MU VM SE) [OBSOLETE]
Price 0
520 ## - SUMMARY, ETC.
Summary, etc. Papers by Dunkerley,H. , Hawkey,W. , McLaughlin,J. and Holstein,L. Papers: Land information systems for developing countries .-Land information, New Zealand .-Land information management.- Land registration for less developed countries.
942 ## - ADDED ENTRY ELEMENTS (KOHA)
Suppress in OPAC 0
948 ## - LOCAL PROCESSING INFORMATION (OCLC); SERIES PART DESIGNATOR (RLIN)
c (OCLC) 04/03/1997
Holdings
Withdrawn status Lost status Source of classification or shelving scheme Damaged status Not for loan Home library Current library Shelving location Date acquired Total Checkouts Full call number Barcode Date last seen Copy number Price effective from Koha item type
    Dewey Decimal Classification     London London Basement 14/09/1999   SHELF 326 30016992 06/08/2019 1 06/08/2019 Reference material